<?xml version="1.0" encoding="UTF-8"?>
<record
    xmlns:xsi="http://www.w3.org/2001/XMLSchema-instance"
    xsi:schemaLocation="http://www.loc.gov/MARC21/slim http://www.loc.gov/standards/marcxml/schema/MARC21slim.xsd"
    xmlns="http://www.loc.gov/MARC21/slim">

  <leader>01795nam a2200217 a 4500</leader>
  <controlfield tag="001">000000291</controlfield>
  <controlfield tag="005">20251126130823.0</controlfield>
  <controlfield tag="008">081127s1990    dr      r     000 0 spa d</controlfield>
  <datafield tag="040" ind1=" " ind2=" ">
    <subfield code="a">DO-SdBNP</subfield>
    <subfield code="b">spa</subfield>
    <subfield code="c">BNPHU</subfield>
  </datafield>
  <datafield tag="082" ind1=" " ind2=" ">
    <subfield code="a">261.83</subfield>
    <subfield code="b">H557h</subfield>
  </datafield>
  <datafield tag="100" ind1="1" ind2=" ">
    <subfield code="a">Hern&#xE1;ndez M, Edgar</subfield>
    <subfield code="9">987</subfield>
  </datafield>
  <datafield tag="245" ind1="1" ind2="3">
    <subfield code="a">El hist&#xF3;rico Cristo sin rostro /</subfield>
    <subfield code="c">Edgar Hern&#xE1;ndez M.</subfield>
  </datafield>
  <datafield tag="260" ind1=" " ind2=" ">
    <subfield code="a">Santo Domingo :</subfield>
    <subfield code="b">Alfa &amp; Omega,</subfield>
    <subfield code="c">1990.</subfield>
  </datafield>
  <datafield tag="300" ind1=" " ind2=" ">
    <subfield code="a">112 p. ;</subfield>
    <subfield code="c">20 cm.</subfield>
  </datafield>
  <datafield tag="500" ind1=" " ind2=" ">
    <subfield code="a">Edici&#xF3;n patrocinada por "Uni&#xF3;n Cristiana de la Juventud"</subfield>
  </datafield>
  <datafield tag="505" ind1="0" ind2=" ">
    <subfield code="t">Comentarios del autor --</subfield>
    <subfield code="t">Comentario 1 --</subfield>
    <subfield code="t">Comentario 2 --</subfield>
    <subfield code="t">Comentario 3 --</subfield>
    <subfield code="t">Comentario 4 --</subfield>
    <subfield code="t">Comentario 5 --</subfield>
    <subfield code="t">Comentario 6 --</subfield>
    <subfield code="t">Comentario 7 --</subfield>
    <subfield code="t">Comentario 8 --</subfield>
    <subfield code="t">El hist&#xF3;rico Cristo sin rostro --</subfield>
    <subfield code="t">Exposiciones del poeta --</subfield>
    <subfield code="t">En el balc&#xF3;n del antiguo convento (I) --</subfield>
    <subfield code="t">El no-vidente (II) --</subfield>
    <subfield code="t">El profesor Malaqu&#xED;as y el sacrist&#xE1;n (III) --</subfield>
    <subfield code="t">El padre Ferr&#xED;s (IV) --</subfield>
    <subfield code="t">La inquisici&#xF3;n (V) --</subfield>
    <subfield code="t">Ateo por "evoluci&#xF3;n" (VI) --</subfield>
    <subfield code="t">Machazo en la alameda (VII) --</subfield>
    <subfield code="t">El general (VIII) --</subfield>
    <subfield code="t">El viejo capit&#xE1;n de barco (IX) --</subfield>
    <subfield code="t">Lumen dos mil (X) --</subfield>
    <subfield code="t">Mi t&#xED;o Felipe (XI) --</subfield>
    <subfield code="t">La legendaria ciudad de Antigua (XII) --</subfield>
    <subfield code="t">El lenguaje no-verbal (XIII) --</subfield>
    <subfield code="t">Ulises y Marcos (XIV) --</subfield>
    <subfield code="t">Un encuentro de casa de Mario (XV) --</subfield>
    <subfield code="t">El pobre caminante (XVI) --</subfield>
    <subfield code="t">El domador de dragones (XVII) --</subfield>
    <subfield code="t">Guelo, el recluso (XVIII) --</subfield>
    <subfield code="t">El solitario coleccionista (XIX) --</subfield>
    <subfield code="t">Frente a la estatua de la libertad, (XX) --</subfield>
    <subfield code="t">Punto de convergencia (XXI) --</subfield>
    <subfield code="t">El partidario del fuego (XXII) --</subfield>
    <subfield code="t">Di&#xE1;logo inolvidable (XXIII) --</subfield>
    <subfield code="t">A la puerta de la academia de historia (XXIV) --</subfield>
    <subfield code="t">El sabio anciano (XXV) --</subfield>
    <subfield code="t">Datos biogr&#xE1;ficos.</subfield>
  </datafield>
  <datafield tag="590" ind1=" " ind2=" ">
    <subfield code="a">Inventariado, 2018/ YL</subfield>
  </datafield>
  <datafield tag="650" ind1=" " ind2="4">
    <subfield code="a">Iglesia cat&#xF3;lica y problemas sociales</subfield>
    <subfield code="z">Rep&#xFA;blica Dominicana</subfield>
    <subfield code="9">988</subfield>
  </datafield>
  <datafield tag="650" ind1=" " ind2="0">
    <subfield code="a">Socialismo cristiano</subfield>
    <subfield code="9">989</subfield>
  </datafield>
  <datafield tag="910" ind1=" " ind2=" ">
    <subfield code="a">Validado. Control de calidad. MFF</subfield>
  </datafield>
  <datafield tag="952" ind1=" " ind2=" ">
    <subfield code="0">0</subfield>
    <subfield code="1">0</subfield>
    <subfield code="5">4</subfield>
    <subfield code="7">5</subfield>
    <subfield code="8">DS</subfield>
    <subfield code="a">BNPHU</subfield>
    <subfield code="b">BNPHU</subfield>
    <subfield code="c">HD</subfield>
    <subfield code="d">2009-10-07</subfield>
    <subfield code="i">LF1</subfield>
    <subfield code="l">0</subfield>
    <subfield code="o">261.83 H557h</subfield>
    <subfield code="p">291-40</subfield>
    <subfield code="r">2020-06-25</subfield>
    <subfield code="t">e. 4</subfield>
    <subfield code="w">2020-06-25</subfield>
    <subfield code="y">LF1</subfield>
    <subfield code="Z">Pr&#xE9;stamo en sala</subfield>
  </datafield>
  <datafield tag="952" ind1=" " ind2=" ">
    <subfield code="0">0</subfield>
    <subfield code="1">0</subfield>
    <subfield code="5">4</subfield>
    <subfield code="7">5</subfield>
    <subfield code="8">DS</subfield>
    <subfield code="a">BNPHU</subfield>
    <subfield code="b">BNPHU</subfield>
    <subfield code="c">HD</subfield>
    <subfield code="d">2009-10-07</subfield>
    <subfield code="i">LF1</subfield>
    <subfield code="l">0</subfield>
    <subfield code="o">261.83 H557h</subfield>
    <subfield code="p">291-50</subfield>
    <subfield code="r">2020-06-25</subfield>
    <subfield code="t">e. 5</subfield>
    <subfield code="w">2020-06-25</subfield>
    <subfield code="y">LF1</subfield>
    <subfield code="Z">Pr&#xE9;stamo en sala</subfield>
  </datafield>
  <datafield tag="952" ind1=" " ind2=" ">
    <subfield code="0">0</subfield>
    <subfield code="1">0</subfield>
    <subfield code="5">4</subfield>
    <subfield code="7">5</subfield>
    <subfield code="8">DS</subfield>
    <subfield code="a">BNPHU</subfield>
    <subfield code="b">BNPHU</subfield>
    <subfield code="c">HD</subfield>
    <subfield code="d">2009-06-25</subfield>
    <subfield code="e">031104</subfield>
    <subfield code="i">LF1</subfield>
    <subfield code="l">0</subfield>
    <subfield code="o">261.83 H557h</subfield>
    <subfield code="p">291-30</subfield>
    <subfield code="r">2020-06-25</subfield>
    <subfield code="t">e. 3</subfield>
    <subfield code="w">2020-06-25</subfield>
    <subfield code="y">LF1</subfield>
    <subfield code="Z">Pr&#xE9;stamo en sala</subfield>
  </datafield>
  <datafield tag="952" ind1=" " ind2=" ">
    <subfield code="0">0</subfield>
    <subfield code="1">0</subfield>
    <subfield code="7">5</subfield>
    <subfield code="8">DS</subfield>
    <subfield code="a">BNPHU</subfield>
    <subfield code="b">BNPHU</subfield>
    <subfield code="c">OI</subfield>
    <subfield code="d">2013-09-05</subfield>
    <subfield code="i">LF1</subfield>
    <subfield code="l">0</subfield>
    <subfield code="o">261.83 H557h</subfield>
    <subfield code="p">291-60</subfield>
    <subfield code="r">2020-06-25</subfield>
    <subfield code="w">2020-06-25</subfield>
    <subfield code="y">LF1</subfield>
    <subfield code="Z">No se presta</subfield>
  </datafield>
  <datafield tag="952" ind1=" " ind2=" ">
    <subfield code="0">0</subfield>
    <subfield code="1">0</subfield>
    <subfield code="7">2</subfield>
    <subfield code="8">PD</subfield>
    <subfield code="a">BNPHU</subfield>
    <subfield code="b">BNPHU</subfield>
    <subfield code="c">HD</subfield>
    <subfield code="d">2009-06-25</subfield>
    <subfield code="e">039836</subfield>
    <subfield code="i">LF1</subfield>
    <subfield code="l">0</subfield>
    <subfield code="o">261.83 H557h</subfield>
    <subfield code="p">291-10</subfield>
    <subfield code="r">2020-06-25</subfield>
    <subfield code="w">2020-06-25</subfield>
    <subfield code="y">LF1</subfield>
    <subfield code="Z">No se presta</subfield>
  </datafield>
  <datafield tag="952" ind1=" " ind2=" ">
    <subfield code="0">0</subfield>
    <subfield code="1">0</subfield>
    <subfield code="7">2</subfield>
    <subfield code="8">PD</subfield>
    <subfield code="a">BNPHU</subfield>
    <subfield code="b">BNPHU</subfield>
    <subfield code="c">HD</subfield>
    <subfield code="d">2009-06-25</subfield>
    <subfield code="e">039837</subfield>
    <subfield code="i">LF1</subfield>
    <subfield code="l">0</subfield>
    <subfield code="o">261.83 H557h</subfield>
    <subfield code="p">291-20</subfield>
    <subfield code="r">2020-06-25</subfield>
    <subfield code="t">e. 2</subfield>
    <subfield code="w">2020-06-25</subfield>
    <subfield code="y">LF1</subfield>
    <subfield code="Z">No se presta</subfield>
  </datafield>
  <datafield tag="999" ind1=" " ind2=" ">
    <subfield code="c">291</subfield>
    <subfield code="d">291</subfield>
  </datafield>
</record>
